Town and Country Planning (Use Classes) (Amendment) (England) Order 2005 (Record no. 104219)
[ view plain ]
| 000 -LEADER | |
|---|---|
| fixed length control field | 01749cam a2200241 4500 |
| 001 - CONTROL NUMBER | |
| control field | L129511 |
| 008 - FIXED-LENGTH DATA ELEMENTS--GENERAL INFORMATION | |
| fixed length control field | 110922n2005 000 0 eng u |
| 020 ## - INTERNATIONAL STANDARD BOOK NUMBER | |
| International Standard Book Number | 011051727X |
| 035 ## - SYSTEM CONTROL NUMBER | |
| System control number | (Sirsi) u129511 |
| 041 ## - LANGUAGE CODE | |
| Language code of text/sound track or separate title | eng |
| 050 ## - LIBRARY OF CONGRESS CALL NUMBER | |
| Classification number | 711.1 |
| -- | 18 |
| 245 ## - TITLE STATEMENT | |
| Title | Town and Country Planning (Use Classes) (Amendment) (England) Order 2005 |
| 260 ## - PUBLICATION, DISTRIBUTION, ETC. | |
| Place of publication, distribution, etc. | London |
| Name of publisher, distributor, etc. | TSO |
| Date of publication, distribution, etc. | 2005 |
| 490 ## - SERIES STATEMENT | |
| Series statement | SI |
| Volume/sequential designation | 2005: 84 |
| 520 ## - SUMMARY, ETC. | |
| Summary, etc. | This Order amends the Town and Country Planning (Use Classes) Order 1987 (SI 1987: 764), which specifies classes for the purposes of the Town and Country Planning Act 1990 s55(2)(f) and provides that a change of use of a building or other land does not involve development for the purposes of the Act if the new use and the former use are both within the same specified class. Amends the 1987 Order by excluding from the specified classes use as a retail warehouse club and use as a night club. It also has the effect of including use as an internet café in the shops class (Class A1) and of splitting the former A3 use class (food and drink) into three new classes: Class A3 use as a restaurant or café, Class A4 use as a public house, wine-bar or other drinking establishment and Class A5 use as a hot food takeaway. Extends to England only. |
| 590 ## - LOCAL NOTE (RLIN) | |
| Local note | IKA290405 |
| 650 ## - SUBJECT ADDED ENTRY--TOPICAL TERM | |
| Topical term or geographic name entry element | TOWN AND COUNTRY PLANNING (USE CLASSES) (AMENDMENT) (ENGLAND) ORDER 2005 |
| 650 ## - SUBJECT ADDED ENTRY--TOPICAL TERM | |
| Topical term or geographic name entry element | TOWN AND COUNTRY PLANNING (USE CLASSES) ORDER 1987 |
| 650 ## - SUBJECT ADDED ENTRY--TOPICAL TERM | |
| Topical term or geographic name entry element | TOWN AND COUNTRY PLANNING ACT 1990 S55(2)(F) |
| 690 ## - LOCAL SUBJECT ADDED ENTRY--TOPICAL TERM (OCLC, RLIN) | |
| Topical term or geographic name as entry element | PROPERTY-COMMERCIAL PROPERTY-LEISURE PROPERTY-REFRESHMENT AND CULINARY PROPERTY |
| 856 ## - ELECTRONIC LOCATION AND ACCESS | |
| Uniform Resource Identifier | <a href="https://www.legislation.gov.uk/uksi/2005/84/pdfs/uksi_20050084_en.pdf">https://www.legislation.gov.uk/uksi/2005/84/pdfs/uksi_20050084_en.pdf</a> |
| Public note | View this item free of charge at www.legislation.gov.uk |
| 942 ## - ADDED ENTRY ELEMENTS (KOHA) | |
| Suppress in OPAC | 0 |
| Withdrawn status | Lost status | Source of classification or shelving scheme | Damaged status | Not for loan | Home library | Current library | Shelving location | Date acquired | Total Checkouts | Full call number | Barcode | Date last seen | Copy number | Price effective from | Koha item type |
|---|---|---|---|---|---|---|---|---|---|---|---|---|---|---|---|
| Dewey Decimal Classification | Virtual | Virtual | Online | 26/04/2005 | ONLINE PUBLICATION | 129511-1001 | 06/08/2019 | 1 | 06/08/2019 | Book |